| 000 | 00383nam a2200169Ia 4500 | ||
|---|---|---|---|
| 008 | 230711s9999||||xx |||||||||||||| ||und|| | ||
| 020 | _a978-81-7758-542-1 | ||
| 041 | _aENG | ||
| 082 |
_a547 _bFI-O |
||
| 100 | _aFinar,I.L | ||
| 245 | 0 | _aOrganic Chemistry Vol-1 | |
| 250 | _a6th Ed. | ||
| 260 |
_c2021 _aNew Delhi _bPearson |
||
| 300 | _a965p. | ||
| 650 | _aPharmacy | ||
| 942 | _cBK | ||
| 999 |
_c7510 _d7510 |
||